Представление документа в формате RUSMARC

ПолеНазваниеЗначение
  Тип записи a
  Библиографический уровень a
001 Контрольный номер RU/CBS_Ul/BASE/513817078
005 Дата корректировки 20241108151658.0
100 Данные общей обработки __
a Данные общей обработки 20160412d2016 ||| 0rusy0189 ca
101 Язык документа 0_
a Язык текста rus
102 Страна публикации __
a Страна публикации RU
105 Кодированные данные (монография) __
a Кодированные данные (монография) y###||||000|y
200 Заглавие и сведения об ответственности 1_
a Заглавие И.И. Левитан
b Общее обозначение материала Текст
e Сведения, относящиеся к заглавию [о русском художнике XIX века И. Левитане ]
f Первые сведения об ответственности В. Быкова
300 Общие примечания __
a Общие примечания Ограничения по возрасту - 12+
461 Уровень набора _0
1 2000
a Смена
463 Уровень физической единицы _0
1 001RU/CBS_Ul/BASE/513124722
1 2000
a № 4
v С. 64-77: ил.
1 210
d 2016
600 Персоналии _0
a Персоналии (Фамилия) Левитан
b Персоналии (Имя, инициалы) И. И.
606 Тематические рубрики 0_
a Основная рубрика Левитан, Исаак Ильич (1860-1900)
610 Ключевые слова 0_
a Ключевые слова искусство
a Ключевые слова изобразительное искусство
a Ключевые слова русские художники
a Ключевые слова живопись
a Ключевые слова пейзажисты
a Ключевые слова художники
686 Индексы других классификаций __
a Классификационный индекс 85.143(2)
2 Код системы ББК
700 Автор _1
a Фамилия Быкова
b Имя (инициалы) В.
801 Источник записи _0
a Страна RU
b Организация МБУК ЦБС г. Ульяновска
c Дата составления 20160412
g Правила каталогизации RCR
801 Источник записи _1
a Страна RU
b Организация МБУК ЦБС г. Ульяновска
c Дата составления 20160412
g Правила каталогизации RCR
901 Тип документа __
t Тип документа b
w Контрольный № источника RU/CBS_Ul/BASE/513124722
910 Корректоры записи __
a Корректор записи Библиотека 8
938 Служебная информация __
a Имя БД period